[Event "Villarobledo Online Qualifyer"]
[Site "playchess.com #155672"]
[Date "2009.05.23"]
[Round "9"]
[White "Ferdi Sert"]
[Black "Senad_tesanj"]
[Result "1-0"]
[WhiteElo "1844"]
[BlackElo "1635"]
[PlyCount "145"]
[EventDate "2009.05.23"]
[EventType "swiss (blitz)"]

1. e4 {[%emt 0:00:01]} c5 {[%emt 0:00:02]} 2. Nf3 {[%emt 0:00:02]} d6 {[%emt 0:
00:01]} 3. d4 {[%emt 0:00:01]} cxd4 {[%emt 0:00:01]} 4. Nxd4 {[%emt 0:00:00]}
Nf6 {[%emt 0:00:02]} 5. Nc3 {[%emt 0:00:01]} a6 {[%emt 0:00:01]} 6. Bc4 {[%emt
0:00:01]} e6 {[%emt 0:00:02]} 7. Bb3 {[%emt 0:00:01]} Be7 {[%emt 0:00:01]} 8.
Be3 {[%emt 0:00:03]} O-O {[%emt 0:00:02]} 9. f3 {[%emt 0:00:01]} b5 {[%emt 0:
00:06]} 10. Qd2 {[%emt 0:00:01]} Bb7 {[%emt 0:00:03]} 11. O-O-O {[%emt 0:00:02]
} e5 {[%emt 0:00:03]} 12. Nf5 {[%emt 0:00:02]} b4 {[%emt 0:00:17]} 13. Na4 {
[%emt 0:00:06]} d5 {[%emt 0:00:08]} 14. Nxe7+ {[%emt 0:00:03]} Qxe7 {[%emt 0:
00:03]} 15. Nb6 {[%emt 0:00:02]} d4 {[%emt 0:00:04]} 16. Bg5 {[%emt 0:00:07]}
Ra7 {[%emt 0:00:07]} 17. Bxf6 {[%emt 0:00:05]} gxf6 {[%emt 0:00:05]} 18. h4 {
[%emt 0:00:04]} a5 {[%emt 0:00:26]} 19. Bd5 {[%emt 0:00:02]} Bxd5 {[%emt 0:00:
04]} 20. Nxd5 {[%emt 0:00:01]} Qd6 {[%emt 0:00:09]} 21. Qh6 {[%emt 0:00:03]}
Nd7 {[%emt 0:00:07]} 22. Rh3 {[%emt 0:00:03]} Kh8 {[%emt 0:00:12]} 23. Rg3 {
[%emt 0:00:01]} Rg8 {[%emt 0:00:06]} 24. Rxg8+ {[%emt 0:00:04]} Kxg8 {[%emt 0:
00:01]} 25. Ne3 {[%emt 0:00:02]} Qf8 {[%emt 0:00:16]} 26. Nf5 {[%emt 0:00:02]}
Qxh6+ {[%emt 0:00:06]} 27. Nxh6+ {[%emt 0:00:02]} Kg7 {[%emt 0:00:06]} 28. Nf5+
{[%emt 0:00:01]} Kf8 {[%emt 0:00:03]} 29. h5 {[%emt 0:00:04]} Rc7 {[%emt 0:00:
02]} 30. Kb1 {[%emt 0:00:02]} Nc5 {[%emt 0:00:02]} 31. g3 {[%emt 0:00:05]} a4 {
[%emt 0:00:03]} 32. h6 {[%emt 0:00:05]} b3 {[%emt 0:00:14]} 33. cxb3 {[%emt 0:
00:02]} axb3 {[%emt 0:00:06]} 34. a3 {[%emt 0:00:01]} Na4 {[%emt 0:00:16]} 35.
Rc1 {[%emt 0:00:06]} Rxc1+ {[%emt 0:00:06]} 36. Kxc1 {[%emt 0:00:01]} d3 {
[%emt 0:00:06]} 37. Ne3 {[%emt 0:00:24]} Ke7 {[%emt 0:00:06]} 38. Nc4 {[%emt 0:
00:03]} Ke6 {[%emt 0:00:08]} 39. Kd2 {[%emt 0:00:01]} f5 {[%emt 0:00:03]} 40.
Kxd3 {[%emt 0:00:04]} fxe4+ {[%emt 0:00:05]} 41. fxe4 {[%emt 0:00:02]} Nc5+ {
[%emt 0:00:03]} 42. Ke3 {[%emt 0:00:02]} f5 {[%emt 0:00:02]} 43. exf5+ {[%emt
0:00:02]} Kxf5 {[%emt 0:00:01] Senad_tesanj offers a draw} 44. g4+ {[%emt 0:00:
10]} Kxg4 {[%emt 0:00:09]} 45. Nxe5+ {[%emt 0:00:01]} Kg5 {[%emt 0:00:04]} 46.
Kd4 {[%emt 0:00:15] .} Na4 {[%emt 0:00:06]} 47. Kc4 {[%emt 0:00:01]} Nxb2+ {
[%emt 0:00:01]} 48. Kxb3 {[%emt 0:00:01]} Nd1 {[%emt 0:00:02]} 49. Kc2 {[%emt
0:00:02]} Ne3+ {[%emt 0:00:01]} 50. Kd3 {[%emt 0:00:01]} Nd5 {[%emt 0:00:01]}
51. Kc4 {[%emt 0:00:01]} Nb6+ {[%emt 0:00:01]} 52. Kb5 {[%emt 0:00:01]} Nd5 {
[%emt 0:00:01]} 53. Kc5 {[%emt 0:00:01]} Nc3 {[%emt 0:00:02]} 54. Kc4 {[%emt 0:
00:01]} Na4 {[%emt 0:00:01]} 55. Kb4 {[%emt 0:00:03]} Nb2 {[%emt 0:00:01]} 56.
Kb3 {[%emt 0:00:02]} Nd1 {[%emt 0:00:03]} 57. a4 {[%emt 0:00:01]} Ne3 {[%emt 0:
00:01]} 58. a5 {[%emt 0:00:03]} Nd5 {[%emt 0:00:02]} 59. Kc4 {[%emt 0:00:01]}
Nc7 {[%emt 0:00:04]} 60. Kc5 {[%emt 0:00:01]} Na6+ {[%emt 0:00:03]} 61. Kb6 {
[%emt 0:00:01]} Nb4 {[%emt 0:00:01]} 62. Kb5 {[%emt 0:00:01]} Nd5 {[%emt 0:00:
01]} 63. Kc5 {[%emt 0:00:04]} Nc7 {[%emt 0:00:01]} 64. Kc6 {[%emt 0:00:03]} Na6
{[%emt 0:00:01]} 65. Nd3 {[%emt 0:00:01]} Kxh6 {[%emt 0:00:02]} 66. Kb7 {[%emt
0:00:02]} Nb4 {[%emt 0:00:06]} 67. Nxb4 {[%emt 0:00:02]} Kg5 {[%emt 0:00:00]}
68. a6 {[%emt 0:00:01]} h5 {[%emt 0:00:01]} 69. a7 {[%emt 0:00:01]} h4 {[%emt
0:00:00]} 70. a8=Q {[%emt 0:00:02]} h3 {[%emt 0:00:00]} 71. Qg8+ {[%emt 0:00:
02]} Kh4 {[%emt 0:00:02]} 72. Qg1 {[%emt 0:00:02]} h2 {[%emt 0:00:01]} 73.
Qxh2+ {[%emt 0:00:01] Senad_tesanj resigns} 1-0

[Event "Villarobledo Online Qualifyer"]
[Site "playchess.com #155672"]
[Date "2009.05.23"]
[Round "9"]
[White "Maguljica"]
[Black "Steflenicois"]
[Result "1-0"]
[WhiteElo "2198"]
[BlackElo "2485"]
[PlyCount "119"]
[EventDate "2009.05.23"]
[EventType "swiss (blitz)"]

1. d4 {[%emt 0:00:04]} d5 {[%emt 0:00:01]} 2. c4 {[%emt 0:00:01]} e5 {[%emt 0:
00:02]} 3. dxe5 {[%emt 0:00:02]} d4 {[%emt 0:00:00]} 4. Nf3 {[%emt 0:00:01]}
Nc6 {[%emt 0:00:00]} 5. g3 {[%emt 0:00:02]} Bg4 {[%emt 0:00:01]} 6. Nbd2 {
[%emt 0:00:02]} Qd7 {[%emt 0:00:12]} 7. Bg2 {[%emt 0:00:05]} O-O-O {[%emt 0:00:
01]} 8. h3 {[%emt 0:00:15]} Bf5 {[%emt 0:00:02]} 9. a3 {[%emt 0:00:06]} Nge7 {
[%emt 0:00:04]} 10. g4 {[%emt 0:00:10]} Be6 {[%emt 0:00:03]} 11. b4 {[%emt 0:
00:12]} Ng6 {[%emt 0:00:01]} 12. Qa4 {[%emt 0:00:10]} Kb8 {[%emt 0:00:03]} 13.
b5 {[%emt 0:00:21]} Ncxe5 {[%emt 0:00:03]} 14. Nxe5 {[%emt 0:00:15]} Nxe5 {
[%emt 0:00:00]} 15. f4 {[%emt 0:00:05]} Ng6 {[%emt 0:00:20]} 16. f5 {[%emt 0:
00:12]} Bxf5 {[%emt 0:00:01]} 17. gxf5 {[%emt 0:00:02]} Qxf5 {[%emt 0:00:00]}
18. Be4 {[%emt 0:00:06]} Qe5 {[%emt 0:00:08]} 19. Bb2 {[%emt 0:00:34]} Qg3+ {
[%emt 0:00:04]} 20. Kd1 {[%emt 0:00:02]} Be7 {[%emt 0:00:07]} 21. Qb3 {[%emt 0:
00:06]} Qe5 {[%emt 0:00:16]} 22. Qf3 {[%emt 0:00:08]} Nh4 {[%emt 0:00:15]} 23.
Qd3 {[%emt 0:00:11]} Bg5 {[%emt 0:00:06]} 24. Nf3 {[%emt 0:00:01]} Nxf3 {[%emt
0:00:01]} 25. Qxf3 {[%emt 0:00:01]} Qc5 {[%emt 0:00:31]} 26. Bd3 {[%emt 0:00:
03]} Rhe8 {[%emt 0:00:03]} 27. Kc2 {[%emt 0:00:02]} f6 {[%emt 0:00:11]} 28. h4
{[%emt 0:00:01]} Bh6 {[%emt 0:00:06]} 29. h5 {[%emt 0:00:03]} Re3 {[%emt 0:00:
01]} 30. Qf5 {[%emt 0:00:03]} Rde8 {[%emt 0:00:01]} 31. Qxc5 {[%emt 0:00:01]}
Bf4 {[%emt 0:00:57] '} 32. Bxd4 {[%emt 0:00:04]} b6 {[%emt 0:00:03]} 33. Bxe3 {
[%emt 0:00:03]} bxc5 {[%emt 0:00:04]} 34. Bxf4 {[%emt 0:00:01]} Kb7 {[%emt 0:
00:01]} 35. h6 {[%emt 0:00:01]} g5 {[%emt 0:00:02]} 36. Bg3 {[%emt 0:00:01]}
Kb6 {[%emt 0:00:12]} 37. Bxh7 {[%emt 0:00:01]} Rh8 {[%emt 0:00:07]} 38. Be4 {
[%emt 0:00:01]} f5 {[%emt 0:00:01]} 39. Bxf5 {[%emt 0:00:02]} g4 {[%emt 0:00:
00]} 40. h7 {[%emt 0:00:01]} c6 {[%emt 0:00:00]} 41. Be5 {[%emt 0:00:01]} Rxh7
{[%emt 0:00:00]} 42. Rxh7 {[%emt 0:00:02]} cxb5 {[%emt 0:00:00]} 43. Be4 {
[%emt 0:00:02]} g3 {[%emt 0:00:01]} 44. Rb7+ {[%emt 0:00:01]} Ka6 {[%emt 0:00:
01]} 45. cxb5+ {[%emt 0:00:01]} Ka5 {[%emt 0:00:01]} 46. Bc3+ {[%emt 0:00:00]}
Ka4 {[%emt 0:00:01]} 47. b6 {[%emt 0:00:02]} Kb5 {[%emt 0:00:03]} 48. bxa7+ {
[%emt 0:00:01]} Kc4 {[%emt 0:00:01]} 49. Bd3+ {[%emt 0:00:02]} Kd5 {[%emt 0:00:
01]} 50. a8=Q {[%emt 0:00:00]} g2 {[%emt 0:00:01]} 51. Re7+ {[%emt 0:00:01]}
Kd6 {[%emt 0:00:01]} 52. Rb1 {[%emt 0:00:10]} g1=Q {[%emt 0:00:00]} 53. Rxg1 {
[%emt 0:00:02]} c4 {[%emt 0:00:01]} 54. Rg6+ {[%emt 0:00:01]} Kc5 {[%emt 0:00:
01]} 55. Bd4+ {[%emt 0:00:02]} Kxd4 {[%emt 0:00:01]} 56. Qe4+ {[%emt 0:00:02]}
Kc5 {[%emt 0:00:01]} 57. Rc7+ {[%emt 0:00:01]} Kb5 {[%emt 0:00:01]} 58. Rb6+ {
[%emt 0:00:02]} Kxb6 {[%emt 0:00:07]} 59. Qc6+ {[%emt 0:00:01]} Ka5 {[%emt 0:
00:01]} 60. Ra7# {[%emt 0:00:03]} 1-0

[Event "Villarobledo Online Qualifyer"]
[Site "playchess.com #155672"]
[Date "2009.05.23"]
[Round "9"]
[White "Ol38130"]
[Black "Hakem_II"]
[Result "0-1"]
[WhiteElo "1795"]
[BlackElo "1898"]
[PlyCount "120"]
[EventDate "2009.05.23"]
[EventType "swiss (blitz)"]

1. d4 {[%emt 0:00:01]} d5 {[%emt 0:00:02]} 2. Nf3 {[%emt 0:00:01]} c6 {[%emt 0:
00:03]} 3. Bf4 {[%emt 0:00:00]} Nf6 {[%emt 0:00:01]} 4. e3 {[%emt 0:00:01]} e6
{[%emt 0:00:00]} 5. c4 {[%emt 0:00:01]} Be7 {[%emt 0:00:03]} 6. Nc3 {[%emt 0:
00:01]} Nbd7 {[%emt 0:00:01]} 7. Bd3 {[%emt 0:00:01]} dxc4 {[%emt 0:00:02]} 8.
Bxc4 {[%emt 0:00:01]} b5 {[%emt 0:00:01]} 9. Bb3 {[%emt 0:00:01]} Bb7 {[%emt 0:
00:00]} 10. O-O {[%emt 0:00:01]} O-O {[%emt 0:00:00]} 11. Rc1 {[%emt 0:00:02]}
a5 {[%emt 0:00:04]} 12. Qe2 {[%emt 0:00:02]} b4 {[%emt 0:00:04]} 13. Na4 {
[%emt 0:00:01]} Nd5 {[%emt 0:00:17]} 14. Bg3 {[%emt 0:00:03]} N7b6 {[%emt 0:00:
07]} 15. Ne5 {[%emt 0:00:04]} Nxa4 {[%emt 0:00:03]} 16. Bxa4 {[%emt 0:00:00]}
Ba6 {[%emt 0:00:02]} 17. Nc4 {[%emt 0:00:21]} Rc8 {[%emt 0:00:12]} 18. Rfd1 {
[%emt 0:00:03]} Nb6 {[%emt 0:00:03]} 19. Bb3 {[%emt 0:00:03]} a4 {[%emt 0:00:
08]} 20. Bxa4 {[%emt 0:00:17]} Nxa4 {[%emt 0:00:04]} 21. Qd2 {[%emt 0:00:04]
Ol38130 propose la nulle Ol38130 réclame le gain suite à déconnexion Ol38130
réclame le gain suite à déconnexion Ol38130 réclame le gain suite à déconnexion
} Qd5 {[%emt 0:01:00]} 22. b3 {[%emt 0:00:11]} Nc3 {[%emt 0:00:02]} 23. Re1 {
[%emt 0:00:03]} Bxc4 {[%emt 0:00:02] Ol38130 réclame le gain suite à
déconnexion} 24. bxc4 {[%emt 0:00:01]} Qxc4 {[%emt 0:00:01]} 25. Rc2 {[%emt 0:
00:08]} Ra8 {[%emt 0:00:03]} 26. Rec1 {[%emt 0:00:04]} Ra3 {[%emt 0:00:01]
Ol38130 réclame le gain suite à déconnexion} 27. e4 {[%emt 0:00:13]} Rfa8 {
[%emt 0:00:03]} 28. Qf4 {[%emt 0:00:03] Ol38130 réclame le gain suite à
déconnexion} Qxd4 {[%emt 0:00:07]} 29. h4 {[%emt 0:00:05]} Rxa2 {[%emt 0:00:06]
} 30. Rxa2 {[%emt 0:00:05]} Rxa2 {[%emt 0:00:01]} 31. Qc7 {[%emt 0:00:01]} Bf8
{[%emt 0:00:05]} 32. Rf1 {[%emt 0:00:11]} c5 {[%emt 0:00:06]} 33. Qb8 {[%emt 0:
00:06]} Rd2 {[%emt 0:00:05]} 34. Kh2 {[%emt 0:00:01]} h6 {[%emt 0:00:01]} 35.
f3 {[%emt 0:00:03]} Qc4 {[%emt 0:00:10]} 36. Rc1 {[%emt 0:00:07]} b3 {[%emt 0:
00:05]} 37. Be5 {[%emt 0:00:02]} Rc2 {[%emt 0:00:12]} 38. Ra1 {[%emt 0:00:07]}
b2 {[%emt 0:00:04]} 39. Ra8 {[%emt 0:00:02] Ol38130 réclame le gain suite à
déconnexion} Rxg2+ {[%emt 0:00:34]} 40. Kh3 {[%emt 0:00:13]} Rg3+ {[%emt 0:00:
12]} 41. Kxg3 {[%emt 0:00:06]} Nxe4+ {[%emt 0:00:01]} 42. fxe4 {[%emt 0:00:09]
.} Qd3+ {[%emt 0:00:01]} 43. Kh2 {[%emt 0:00:07]} Qe2+ {[%emt 0:00:01]} 44. Kh3
{[%emt 0:00:02] Ol38130 réclame le gain suite à déconnexion} Qf3+ {[%emt 0:00:
01]} 45. Bg3 {[%emt 0:00:01]} Qf1+ {[%emt 0:00:04]} 46. Kh2 {[%emt 0:00:00]}
Qe2+ {[%emt 0:00:01]} 47. Kg1 {[%emt 0:00:02]} Qd1+ {[%emt 0:00:02]} 48. Kg2 {
[%emt 0:00:01]} Qe2+ {[%emt 0:00:01]} 49. Bf2 {[%emt 0:00:01]} Qxe4+ {[%emt 0:
00:01]} 50. Kh2 {[%emt 0:00:02]} b1=Q {[%emt 0:00:03]} 51. Qxf8+ {[%emt 0:00:
01]} Kh7 {[%emt 0:00:01]} 52. Qh8+ {[%emt 0:00:08]} Kg6 {[%emt 0:00:01]} 53.
h5+ {[%emt 0:00:00]} Kxh5 {[%emt 0:00:02]} 54. Ra1 {[%emt 0:00:00]} Qeh1+ {
[%emt 0:00:05]} 55. Kg3 {[%emt 0:00:02]} Qg6+ {[%emt 0:00:02]} 56. Kf4 {[%emt
0:00:02]} Qxa1 {[%emt 0:00:02]} 57. Qd8 {[%emt 0:00:02]} Qa4+ {[%emt 0:00:02]}
58. Ke3 {[%emt 0:00:01]} Qd4+ {[%emt 0:00:01]} 59. Qxd4 {[%emt 0:00:01]} cxd4+
{[%emt 0:00:02]} 60. Kxd4 {[%emt 0:00:00]} Qg4+ {[%emt 0:00:02] Ol38130
abandonne} 0-1

[Event "Villarobledo Online Qualifyer"]
[Site "playchess.com #155672"]
[Date "2009.05.23"]
[Round "9"]
[White "Mtv star"]
[Black "Torresh"]
[Result "1-0"]
[WhiteElo "2367"]
[BlackElo "2119"]
[PlyCount "131"]
[EventDate "2009.05.23"]
[EventType "swiss (blitz)"]

1. d4 {[%emt 0:00:01]} Nf6 {[%emt 0:00:05]} 2. e3 {[%emt 0:00:00]} g6 {[%emt 0:
00:02]} 3. f4 {[%emt 0:00:00]} Bg7 {[%emt 0:00:01]} 4. Nf3 {[%emt 0:00:00]} d6
{[%emt 0:00:01]} 5. c3 {[%emt 0:00:00]} O-O {[%emt 0:00:02]} 6. Nbd2 {[%emt 0:
00:04]} b6 {[%emt 0:00:03]} 7. Bc4 {[%emt 0:00:03]} Bb7 {[%emt 0:00:02]} 8. O-O
{[%emt 0:00:01]} c5 {[%emt 0:00:01]} 9. a4 {[%emt 0:00:01]} a6 {[%emt 0:00:04]}
10. Qe2 {[%emt 0:00:01]} d5 {[%emt 0:00:05]} 11. Bd3 {[%emt 0:00:03]} c4 {
[%emt 0:00:01]} 12. Bc2 {[%emt 0:00:01]} b5 {[%emt 0:00:02]} 13. axb5 {[%emt 0:
00:02]} axb5 {[%emt 0:00:01]} 14. Rxa8 {[%emt 0:00:00]} Bxa8 {[%emt 0:00:00]}
15. e4 {[%emt 0:00:00]} dxe4 {[%emt 0:00:04]} 16. Nxe4 {[%emt 0:00:00]} Nxe4 {
[%emt 0:00:18]} 17. Bxe4 {[%emt 0:00:00]} Bxe4 {[%emt 0:00:19]} 18. Qxe4 {
[%emt 0:00:00]} Nd7 {[%emt 0:00:01]} 19. Qc6 {[%emt 0:00:03]} b4 {[%emt 0:00:
27]} 20. Qxc4 {[%emt 0:00:06]} bxc3 {[%emt 0:00:01]} 21. bxc3 {[%emt 0:00:00]}
Qb8 {[%emt 0:00:06]} 22. Ne5 {[%emt 0:00:03]} Nb6 {[%emt 0:00:06]} 23. Qb3 {
[%emt 0:00:03]} e6 {[%emt 0:00:09]} 24. Ba3 {[%emt 0:00:03]} Nd5 {[%emt 0:00:
19]} 25. Qxb8 {[%emt 0:00:13]} Rxb8 {[%emt 0:00:00]} 26. c4 {[%emt 0:00:03]}
Ne3 {[%emt 0:00:01]} 27. Rc1 {[%emt 0:00:05]} Rb3 {[%emt 0:00:03]} 28. Bc5 {
[%emt 0:00:32]} Rb2 {[%emt 0:00:15]} 29. g3 {[%emt 0:00:21]} Rg2+ {[%emt 0:00:
44]} 30. Kh1 {[%emt 0:00:03]} Ra2 {[%emt 0:00:03]} 31. d5 {[%emt 0:00:17]} Bxe5
{[%emt 0:00:24]} 32. Bxe3 {[%emt 0:00:02]} Bb2 {[%emt 0:00:02]} 33. Rc2 {[%emt
0:00:07]} exd5 {[%emt 0:00:01]} 34. cxd5 {[%emt 0:00:04]} Ra1+ {[%emt 0:00:01]}
35. Kg2 {[%emt 0:00:01]} Bf6 {[%emt 0:00:01]} 36. d6 {[%emt 0:00:16]} Rd1 {
[%emt 0:00:01]} 37. Rc8+ {[%emt 0:00:31] .} Kg7 {[%emt 0:00:01]} 38. Bc5 {
[%emt 0:00:01]} Rd5 {[%emt 0:00:10]} 39. Kf3 {[%emt 0:00:06]} Bd4 {[%emt 0:00:
09]} 40. Ke4 {[%emt 0:00:25]} Rxc5 {[%emt 0:00:01]} 41. d7 {[%emt 0:00:01]} Ra5
{[%emt 0:00:05]} 42. Kxd4 {[%emt 0:00:07]} Ra4+ {[%emt 0:00:00]} 43. Ke3 {
[%emt 0:00:04]} Ra3+ {[%emt 0:00:01]} 44. Kf2 {[%emt 0:00:03]} Ra2+ {[%emt 0:
00:01]} 45. Kf1 {[%emt 0:00:01]} Ra1+ {[%emt 0:00:00]} 46. Kg2 {[%emt 0:00:01]}
Ra2+ {[%emt 0:00:01]} 47. Kh3 {[%emt 0:00:01]} Rd2 {[%emt 0:00:01]} 48. d8=Q {
[%emt 0:00:02]} Rxd8 {[%emt 0:00:00]} 49. Rxd8 {[%emt 0:00:00]} h5 {[%emt 0:00:
01]} 50. Rd6 {[%emt 0:00:02]} Kh6 {[%emt 0:00:01]} 51. Kg2 {[%emt 0:00:03]} h4
{[%emt 0:00:01]} 52. g4 {[%emt 0:00:01]} Kg7 {[%emt 0:00:01]} 53. Kh3 {[%emt 0:
00:02]} f6 {[%emt 0:00:02]} 54. Kxh4 {[%emt 0:00:01]} Kh6 {[%emt 0:00:01]} 55.
g5+ {[%emt 0:00:02]} fxg5+ {[%emt 0:00:00]} 56. fxg5+ {[%emt 0:00:00]} Kh7 {
[%emt 0:00:01]} 57. Rd7+ {[%emt 0:00:00]} Kh8 {[%emt 0:00:01]} 58. Kg4 {[%emt
0:00:00]} Kg8 {[%emt 0:00:01]} 59. Kf4 {[%emt 0:00:00]} Kf8 {[%emt 0:00:00]}
60. Ke5 {[%emt 0:00:00]} Ke8 {[%emt 0:00:01]} 61. Ke6 {[%emt 0:00:00]} Kf8 {
[%emt 0:00:01]} 62. Re7 {[%emt 0:00:00]} Kg8 {[%emt 0:00:01]} 63. Rf7 {[%emt 0:
00:00]} Kh8 {[%emt 0:00:01]} 64. Kf6 {[%emt 0:00:00]} Kg8 {[%emt 0:00:00]} 65.
Kxg6 {[%emt 0:00:00]} Kh8 {[%emt 0:00:00]} 66. Rf8# {[%emt 0:00:00]} 1-0

[Event "Villarobledo Online Qualifyer"]
[Site "playchess.com #155672"]
[Date "2009.05.23"]
[Round "9"]
[White "Africanchamp"]
[Black "Yang Guo"]
[Result "1-0"]
[WhiteElo "2878"]
[BlackElo "2852"]
[PlyCount "99"]
[EventDate "2009.05.23"]
[EventType "swiss (blitz)"]

1. e4 {[%emt 0:00:03]} e6 {[%emt 0:00:01]} 2. d4 {[%emt 0:00:02]} d5 {[%emt 0:
00:01]} 3. e5 {[%emt 0:00:03]} c5 {[%emt 0:00:03]} 4. c3 {[%emt 0:00:01]} Nc6 {
[%emt 0:00:07]} 5. Nf3 {[%emt 0:00:02]} Nh6 {[%emt 0:00:06]} 6. Bd3 {[%emt 0:
00:23]} f6 {[%emt 0:00:11]} 7. Bxh6 {[%emt 0:00:05]} gxh6 {[%emt 0:00:02]} 8.
O-O {[%emt 0:00:12]} Bg7 {[%emt 0:00:04]} 9. exf6 {[%emt 0:00:02]} Qxf6 {[%emt
0:00:00]} 10. dxc5 {[%emt 0:00:04]} O-O {[%emt 0:00:03]} 11. Bc2 {[%emt 0:00:
15]} Ne7 {[%emt 0:00:39]} 12. Qd3 {[%emt 0:00:19]} Ng6 {[%emt 0:00:13]} 13.
Nbd2 {[%emt 0:00:02]} Bd7 {[%emt 0:00:01]} 14. Rae1 {[%emt 0:00:08]} Bc6 {
[%emt 0:00:03]} 15. Nd4 {[%emt 0:00:37]} e5 {[%emt 0:00:11]} 16. Nxc6 {[%emt 0:
00:02]} bxc6 {[%emt 0:00:00]} 17. g3 {[%emt 0:00:02]} Rab8 {[%emt 0:00:18]} 18.
Bb3 {[%emt 0:00:07]} Kh8 {[%emt 0:00:06]} 19. Qe3 {[%emt 0:00:05]} h5 {[%emt 0:
00:20]} 20. c4 {[%emt 0:00:09]} Ne7 {[%emt 0:00:17]} 21. cxd5 {[%emt 0:00:04]}
cxd5 {[%emt 0:00:00]} 22. Qe2 {[%emt 0:00:22]} h4 {[%emt 0:00:02]} 23. Qh5 {
[%emt 0:00:08]} Rbc8 {[%emt 0:00:21]} 24. Kg2 {[%emt 0:00:19]} Rxc5 {[%emt 0:
00:05]} 25. f4 {[%emt 0:00:06]} Qc6 {[%emt 0:00:22] '} 26. fxe5 {[%emt 0:00:02]
} d4+ {[%emt 0:00:05]} 27. Kg1 {[%emt 0:00:01]} h3 {[%emt 0:00:04]} 28. Qxh3 {
[%emt 0:00:02]} Rxf1+ {[%emt 0:00:05]} 29. Qxf1 {[%emt 0:00:01]} Ng6 {[%emt 0:
00:02]} 30. Qf3 {[%emt 0:00:01]} Qe8 {[%emt 0:00:02]} 31. e6 {[%emt 0:00:01]}
Ne5 {[%emt 0:00:01]} 32. Qe4 {[%emt 0:00:02]} d3 {[%emt 0:00:01]} 33. Rf1 {
[%emt 0:00:01]} Rc7 {[%emt 0:00:01]} 34. Kg2 {[%emt 0:00:01]} Re7 {[%emt 0:00:
01]} 35. Rf5 {[%emt 0:00:01]} Qb8 {[%emt 0:00:03]} 36. Nf3 {[%emt 0:00:02]}
Nxf3 {[%emt 0:00:03]} 37. Rxf3 {[%emt 0:00:01]} d2 {[%emt 0:00:01]} 38. Rd3 {
[%emt 0:00:01]} Bxb2 {[%emt 0:00:02]} 39. Rxd2 {[%emt 0:00:01]} Bg7 {[%emt 0:
00:00]} 40. Rd7 {[%emt 0:00:01]} Qe8 {[%emt 0:00:01]} 41. Qf5 {[%emt 0:00:03]}
a6 {[%emt 0:00:07]} 42. Bc2 {[%emt 0:00:01]} Kg8 {[%emt 0:00:04]} 43. Qxh7+ {
[%emt 0:00:02]} Kf8 {[%emt 0:00:00]} 44. Qf5+ {[%emt 0:00:01]} Kg8 {[%emt 0:00:
01]} 45. Qh7+ {[%emt 0:00:03]} Kf8 {[%emt 0:00:01]} 46. Bg6 {[%emt 0:00:01]}
Qa8+ {[%emt 0:00:05]} 47. Be4 {[%emt 0:00:01]} Qe8 {[%emt 0:00:02]} 48. Qf5+ {
[%emt 0:00:03]} Kg8 {[%emt 0:00:01]} 49. h4 {[%emt 0:00:01]} Qf8 {[%emt 0:00:
05]} 50. Qh7# {[%emt 0:00:02]} 1-0

[Event "Villarobledo Online Qualifyer"]
[Site "playchess.com #155672"]
[Date "2009.05.23"]
[Round "9"]
[White "Dreistein"]
[Black "drift"]
[Result "0-1"]
[WhiteElo "1890"]
[BlackElo "1825"]
[PlyCount "126"]
[EventDate "2009.05.23"]
[EventType "swiss (blitz)"]

1. d4 {[%emt 0:00:02]} Nf6 {[%emt 0:00:04]} 2. Nf3 {[%emt 0:00:02]} g6 {[%emt
0:00:01]} 3. c4 {[%emt 0:00:01]} Bg7 {[%emt 0:00:02]} 4. Nc3 {[%emt 0:00:00]}
O-O {[%emt 0:00:01]} 5. e4 {[%emt 0:00:01]} d6 {[%emt 0:00:01]} 6. Be2 {[%emt
0:00:00]} Nbd7 {[%emt 0:00:01]} 7. O-O {[%emt 0:00:01]} e5 {[%emt 0:00:01]} 8.
Qc2 {[%emt 0:00:01]} Nh5 {[%emt 0:00:02]} 9. Bg5 {[%emt 0:00:04]} f6 {[%emt 0:
00:03]} 10. Be3 {[%emt 0:00:03]} Nf4 {[%emt 0:00:01]} 11. Rfd1 {[%emt 0:00:14]}
Nxe2+ {[%emt 0:00:03]} 12. Qxe2 {[%emt 0:00:05]} exd4 {[%emt 0:00:01]} 13. Bxd4
{[%emt 0:00:06]} Ne5 {[%emt 0:00:01]} 14. c5 {[%emt 0:00:15]} Bg4 {[%emt 0:00:
04]} 15. Bxe5 {[%emt 0:00:02]} Bxf3 {[%emt 0:00:04]} 16. Qxf3 {[%emt 0:00:06]}
fxe5 {[%emt 0:00:01]} 17. Qd3 {[%emt 0:00:04]} Qf6 {[%emt 0:00:03]} 18. Qc4+ {
[%emt 0:00:20]} Kh8 {[%emt 0:00:03]} 19. Rd2 {[%emt 0:00:03]} dxc5 {[%emt 0:00:
05]} 20. Qxc5 {[%emt 0:00:08]} Rad8 {[%emt 0:00:02]} 21. Rad1 {[%emt 0:00:09]}
Rxd2 {[%emt 0:00:01]} 22. Rxd2 {[%emt 0:00:02]} Bh6 {[%emt 0:00:01]} 23. Re2 {
[%emt 0:00:08]} Qd6 {[%emt 0:00:07]} 24. Qxd6 {[%emt 0:00:07]} cxd6 {[%emt 0:
00:02]} 25. g3 {[%emt 0:00:08]} a6 {[%emt 0:00:03]} 26. Kg2 {[%emt 0:00:12]}
Kg7 {[%emt 0:00:04]} 27. Re1 {[%emt 0:00:21]} Kf7 {[%emt 0:00:05]} 28. Rd1 {
[%emt 0:00:08]} Ke6 {[%emt 0:00:04]} 29. Rd3 {[%emt 0:00:25]} Bc1 {[%emt 0:00:
09]} 30. b3 {[%emt 0:00:06]} Ba3 {[%emt 0:00:03]} 31. Nd5 {[%emt 0:00:07]} Bc5
{[%emt 0:00:05]} 32. f4 {[%emt 0:00:06]} exf4 {[%emt 0:00:07]} 33. gxf4 {[%emt
0:00:00]} g5 {[%emt 0:00:07]} 34. f5+ {[%emt 0:00:04]} Ke5 {[%emt 0:00:01]} 35.
Kf3 {[%emt 0:00:03]} g4+ {[%emt 0:00:06]} 36. Kxg4 {[%emt 0:00:05]} Kxe4 {
[%emt 0:00:02]} 37. Rd1 {[%emt 0:00:03]} Rg8+ {[%emt 0:00:05]} 38. Kh5 {[%emt
0:00:06]} Bd4 {[%emt 0:00:30] '} 39. Ne7 {[%emt 0:00:11]} Re8 {[%emt 0:00:15]}
40. f6 {[%emt 0:00:02]} Bxf6 {[%emt 0:00:04]} 41. Nd5 {[%emt 0:00:02]} Be5 {
[%emt 0:00:03]} 42. Nb4 {[%emt 0:00:08]} Rg8 {[%emt 0:00:08]} 43. Kh6 {[%emt 0:
00:02]} Rg2 {[%emt 0:00:05]} 44. Kxh7 {[%emt 0:00:02]} Rxh2+ {[%emt 0:00:01]}
45. Kg6 {[%emt 0:00:01]} Rf2 {[%emt 0:00:05]} 46. Nd3 {[%emt 0:00:03]} Rf6+ {
[%emt 0:00:06]} 47. Kg5 {[%emt 0:00:02]} Rf5+ {[%emt 0:00:02]} 48. Kg6 {[%emt
0:00:01]} Rf3 {[%emt 0:00:04]} 49. Nb4 {[%emt 0:00:03]} a5 {[%emt 0:00:10]} 50.
Nd5 {[%emt 0:00:02]} Rd3 {[%emt 0:00:05]} 51. Rxd3 {[%emt 0:00:03]} Kxd3 {
[%emt 0:00:01]} 52. Kf5 {[%emt 0:00:02]} Kd4 {[%emt 0:00:03]} 53. Nc7 {[%emt 0:
00:03]} Bh2 {[%emt 0:00:06]} 54. Ke6 {[%emt 0:00:02]} Kc5 {[%emt 0:00:07]} 55.
Nd5 {[%emt 0:00:02] Dreistein bietet Remis} b5 {[%emt 0:00:02]} 56. Ne3 {[%emt
0:00:03]} a4 {[%emt 0:00:04]} 57. bxa4 {[%emt 0:00:02]} bxa4 {[%emt 0:00:01]}
58. Nf5 {[%emt 0:00:02]} Be5 {[%emt 0:00:02]} 59. Ne3 {[%emt 0:00:02]} Kb4 {
[%emt 0:00:01]} 60. Ng4 {[%emt 0:00:03]} Ka3 {[%emt 0:00:01]} 61. Nxe5 {[%emt
0:00:01]} dxe5 {[%emt 0:00:01]} 62. Kxe5 {[%emt 0:00:00]} Kxa2 {[%emt 0:00:01]}
63. Kd4 {[%emt 0:00:01]} Kb2 {[%emt 0:00:01] Dreistein gibt auf} 0-1